000 00691nam a2200205 u 4500
005 20250513063838.0
008 161024s2014 r 000 0 eng d
035 _aUPN01000214129
049 _aUNE
050 4 _aLB2838
_bE5.9
245 0 0 _aEnseñanza y aprendizaje :
_blograr la calidad para todos : resumen sobre género.
260 _aParís :
_bUNESCO,
_c[2014].
300 _a52 p.
_bil. col., gráfs.
440 0 _aInforme de seguimiento de la EPT en el mundo 2013/4.
_pEducación para todos
650 4 _aCalidad de la educación
_94684
650 4 _aIgualdad de oportunidades en educación
_95002
650 4 _aEquidad de género
_94872
905 _aLibro
999 _c186229
_d186229